Glosario de términos de uso frecuente en el sector pesquero
Uloženo v:
| Korporativní autor: | |
|---|---|
| Médium: | Kniha |
| Jazyk: | španělština |
| Vydáno: |
Valparaíso
FAO
1996
|
| Vydání: | 2a. ed |
| Témata: | |
| Tagy: |
Přidat tag
Žádné tagy, Buďte první, kdo vytvoří štítek k tomuto záznamu!
|
MARC
| LEADER | 00000nam a2200000 a 4500 | ||
|---|---|---|---|
| 001 | UCR0509 | ||
| 003 | CL-VaPUC | ||
| 008 | 971205e19960000CL |||||||||||||||||spa|d | ||
| 082 | 0 | 4 | |a 639.203 |b SER |2 21 |
| 110 | 2 | |a Servicio Nacional de Pesca |e author |9 396246 | |
| 245 | 1 | 0 | |a Glosario de términos de uso frecuente en el sector pesquero |
| 250 | |a 2a. ed | ||
| 300 | |a 334 p | ||
| 942 | |c BK | ||
| 945 | |d 19971205 00:00:00 |a rleighto | ||
| 260 | |a Valparaíso |b FAO |c 1996 | ||
| 650 | 0 | |a Diccionarios |9 256200 | |
| 650 | 7 | |a SECTOR PESQUERO |2 CL-VaPUC |9 326876 | |
| 650 | 7 | |a TECNOLOGIA PESQUERA |2 CL-VaPUC |9 326877 | |
| 650 | 0 | |a Acuicultura |9 258883 | |
| 651 | 7 | |a CHILE |2 CL-VaPUC |9 396247 | |
| 583 | |a last modification |c 20140410 09:21:15 |k Rodrigo Vera | ||
| 999 | |c 264012 |d 264010 | ||